Countries Closest to Iceland - 15 Second Sprint - Statistics

General Stats
  • This quiz has been taken 132 times
  • The average score is 7 of 20
Answer Stats
km country miles % Correct
1472 Denmark 915
83%
783 United Kingdom 487
83%
969 Norway 602
82%
1239 Sweden 770
75%
1079 Ireland 671
65%
1639 Canada 1018
62%
1501 Finland 933
47%
285 Greenland 177
32%
1815 Russia 1128
30%
1773 France 1101
29%
1657 Netherlands 1030
23%
434 Faroe Islands 270
22%
1632 Germany 1014
19%
1783 Belgium 1108
16%
1971 Poland 1224
4%
1949 Estonia 1211
2%
2024 Latvia 1257
2%
1989 Luxembourg 1236
2%
2103 Lithuania 1307
1%
2209 Czechia 1373
0%
No matching quizzes found
Score Distribution
Percent of People with Each Score
Percentile by Number Answered
Your Score History
You have not taken this quiz